| 000 | 00699nam a2200217 a 4500 | ||
|---|---|---|---|
| 999 |
_c29544 _d29544 |
||
| 005 | 20230706113625.0 | ||
| 008 | 850322s1983 ii b 001 0 eng | ||
| 010 | _aENG-94873 ENG-137300 | ||
| 020 |
_c95.00 _a9788178794624 |
||
| 035 | _aEN-78406 EN-120832 | ||
| 037 | _bDBAD / PUB | ||
| 040 |
_adpl _bEnglish |
||
| 082 | _a796.342 | ||
| 100 | _aJain, Rachna | ||
| 245 |
_aTeach yourself tennis / _cby Rachna Jain |
||
| 260 |
_aNew Delhi _bSports Publications _c2007 |
||
| 270 |
_aG-6, 23/23-B, EMCA House, Ansari Road, Daryaganj, _bNew Delhi _e110002 |
||
| 300 |
_a76p.: _c22cm(Hb) _bill. |
||
| 650 |
_aTennis _xStudy and teaching |
||
| 942 |
_2ddc _cEN _mJAI _h796.342 |
||